[Event "Junior Online 4NCL Division 5"]
[Site "online"]
[Date "2020.04.16"]
[Round "1.73"]
[White "Hatem, Mika"]
[Black "Eshwar, Ananya"]
[Result "1-0"]
[WhiteElo "1450"]
[BlackElo "902"]
[PlyCount "109"]
[EventDate "2020.04.16"]
[WhiteTeam "Hammersmith 2"]
[BlackTeam "Uxbridge Juniors Girls"]

1. e4 e6 2. d4 d5 3. exd5 exd5 4. Bd3 Qe7+ 5. Be3 Qd8 6. Nf3 Bd6 7. Nc3 Nf6 8.
O-O O-O 9. Qd2 Be6 10. Rfe1 Nc6 11. Rad1 Nb4 12. a3 Nxd3 13. Qxd3 Ng4 14. h3
Nxe3 15. Rxe3 Re8 16. Rde1 b6 17. b4 c5 18. dxc5 bxc5 19. bxc5 Bxc5 20. R3e2
Bb6 21. Ne5 Qd6 22. Nc4 Qc7 23. Ne5 Qd6 24. Nb5 Qc5 25. Ng4 Bxg4 26. Rxe8+ Rxe8
27. Rxe8+ Qf8 28. Rxf8+ Kxf8 29. Qxh7 a6 30. Qh8+ Ke7 31. Qh4+ f6 32. Qxg4 axb5
33. Qxg7+ Ke6 34. Qb7 Bd4 35. Qxb5 Be5 36. a4 d4 37. a5 d3 38. cxd3 Kd6 39. a6
Bf4 40. a7 Be5 41. a8=Q Ke6 42. Qae8+ Kf5 43. g4+ Kf4 44. Qb4+ Kf3 45. Qeb5 Ke2
46. d4+ Kf3 47. Qc6+ Kf4 48. Qc1+ Kf3 49. Qbc3+ Ke4 50. Q1e3+ Kd5 51. Qc5+ Ke6
52. dxe5 fxe5 53. Qh6+ Kf7 54. Qc7+ Kg8 55. Qcg7# 1-0

[Event "Junior Online 4NCL Division 5"]
[Site "online"]
[Date "2020.04.16"]
[Round "1.74"]
[White "Siddiqui, Zainab"]
[Black "Harb, Laith A"]
[Result "0-1"]
[WhiteElo "820"]
[BlackElo "1390"]
[PlyCount "62"]
[EventDate "2020.04.16"]
[WhiteTeam "Uxbridge Juniors Girls"]
[BlackTeam "Hammersmith 2"]

1. e4 c5 2. d3 d6 3. Nc3 Nf6 4. Nf3 Nbd7 5. d4 cxd4 6. Nxd4 e6 7. Bf4 Qb6 8.
Rb1 e5 9. Na4 Qb4+ 10. c3 Qa5 11. Bd2 exd4 12. cxd4 Qd8 13. Bc4 Nxe4 14. O-O
Be7 15. Qg4 Nxd2 16. Qxg7 Rf8 17. Rbe1 Nxc4 18. Re4 Nd2 19. Rxe7+ Qxe7 20. Rd1
Qe2 21. Rc1 Kd8 22. Qg5+ Ke8 23. h4 Nb6 24. Nxb6 axb6 25. Rc2 Qe1+ 26. Kh2 Ne4
27. Qb5+ Bd7 28. Rc7 Bxb5 29. Rxb7 Qxf2 30. Rxb6 Bf1 31. Rxd6 Qxg2# 0-1

[Event "Junior Online 4NCL Division 5"]
[Site "online"]
[Date "2020.04.16"]
[Round "1.75"]
[White "Cepoi, Gesneria"]
[Black "Patel, Zain"]
[Result "0-1"]
[WhiteElo "1075"]
[BlackElo "1472"]
[PlyCount "72"]
[EventDate "2020.04.16"]
[WhiteTeam "Uxbridge Juniors Girls"]
[BlackTeam "Hammersmith 2"]

1. e4 c5 2. d3 d6 3. Nf3 Nf6 4. Bd2 a6 5. b4 cxb4 6. Bxb4 Qb6 7. a3 Nc6 8. Qd2
Nxb4 9. axb4 e5 10. d4 Nxe4 11. Qe3 Qxb4+ 12. Nbd2 Nxd2 13. Nxd2 Qxd4 14. Ra4
Qxa4 15. Bd3 Qa1+ 16. Ke2 Qxh1 17. Qg3 Qa1 18. Nb3 Qa4 19. Qe3 Be7 20. g3 O-O
21. f4 Bf6 22. fxe5 Bg4+ 23. Kd2 dxe5 24. Nc5 Qb4+ 25. Kc1 h6 26. Ne4 Qe7 27.
Nxf6+ Qxf6 28. Qe4 Bf5 29. Qxf5 Qxf5 30. Bxf5 a5 31. Kb2 a4 32. Ka3 Rfe8 33. c4
e4 34. Bd7 Re7 35. Bxa4 Rxa4+ 36. Kxa4 e3 0-1

[Event "Junior Online 4NCL Division 5"]
[Site "online"]
[Date "2020.04.16"]
[Round "1.76"]
[White "Ward, Cian"]
[Black "Knight, Zoe B"]
[Result "1-0"]
[WhiteElo "1465"]
[BlackElo "1007"]
[PlyCount "111"]
[EventDate "2020.04.16"]
[WhiteTeam "Hammersmith 2"]
[BlackTeam "Uxbridge Juniors Girls"]

1. e4 e5 2. Nf3 Nc6 3. d4 exd4 4. Nxd4 Nxd4 5. Qxd4 b6 6. Bc4 Bb7 7. Nc3 Qe7 8.
Nd5 Bxd5 9. Qxd5 c6 10. Qd3 Nh6 11. Bxh6 gxh6 12. O-O-O O-O-O 13. Ba6+ Kc7 14.
Qg3+ d6 15. f3 Qg5+ 16. Qxg5 hxg5 17. Bc4 Rd7 18. Kb1 Bg7 19. Rd2 b5 20. Be2
Rb8 21. h4 h6 22. hxg5 hxg5 23. Rh7 Bf6 24. Rh6 Bg7 25. Rh1 d5 26. exd5 cxd5
27. Rhd1 Rbd8 28. Bxb5 Rd6 29. b3 Bh6 30. Re2 d4 31. Re7+ R8d7 32. Rxd7+ Rxd7
33. Bxd7 Kxd7 34. Rxd4+ Kc8 35. a4 Bg7 36. Rd1 Kc7 37. c4 Kc6 38. Kc2 Kc5 39.
Rd5+ Kb4 40. Rxg5 Bf6 41. Rf5 Bh8 42. Rxf7 a5 43. g4 Ka3 44. g5 Be5 45. g6 Kb4
46. g7 Bxg7 47. Rxg7 Kc5 48. f4 Kd6 49. f5 Ke5 50. Rf7 Kf4 51. f6 Kg5 52. Rf8
Kg6 53. c5 Kf5 54. c6 Ke6 55. c7 Kd7 56. c8=Q+ 1-0

[Event "Junior Online 4NCL Division 5"]
[Site "online"]
[Date "2020.04.16"]
[Round "1.77"]
[White "Eshwar, Ananya"]
[Black "Hatem, Mika"]
[Result "0-1"]
[WhiteElo "902"]
[BlackElo "1450"]
[PlyCount "154"]
[EventDate "2020.04.16"]
[WhiteTeam "Uxbridge Juniors Girls"]
[BlackTeam "Hammersmith 2"]

1. d4 Nf6 2. Bf4 e6 3. e3 Nc6 4. Nf3 Bb4+ 5. c3 Ba5 6. Bd3 d6 7. O-O Bd7 8.
Nbd2 O-O 9. Nc4 Bb6 10. Nxb6 axb6 11. Bc2 Re8 12. Qd3 g6 13. Bg5 e5 14. Bxf6
Qxf6 15. dxe5 Nxe5 16. Nxe5 Rxe5 17. Rfe1 Bf5 18. Qd2 Bxc2 19. Qxc2 Qh4 20. Qe2
Rh5 21. h3 Qg5 22. a3 Rxh3 23. f4 Qg3 24. Qf2 Qh2+ 25. Kf1 Rh6 26. Qg1 Qg3 27.
Qf2 Rh1+ 28. Ke2 Qg4+ 29. Kd2 Rh5 30. Qf3 Rd5+ 31. Ke2 Qe6 32. e4 Rb5 33. b4
Qc4+ 34. Qd3 Qxd3+ 35. Kxd3 Rh5 36. Rh1 Rxh1 37. Rxh1 h5 38. g3 Kg7 39. f5 Rxa3
40. Kc4 Kf6 41. fxg6 fxg6 42. Rf1+ Ke5 43. Rf7 c6 44. Rxb7 b5+ 45. Kd3 Ra6 46.
Re7+ Kf6 47. Rc7 Kg5 48. Kd4 Kg4 49. e5 dxe5+ 50. Kxe5 Kxg3 51. Rd7 h4 52. Rd3+
Kf2 53. Kf6 Kg2 54. Kxg6 h3 55. Rd2+ Kf1 56. Rh2 c5+ 57. Kg5 cxb4 58. cxb4 Ra4
59. Rxh3 Rxb4 60. Rf3+ Ke2 61. Rf5 Rb1 62. Re5+ Kd3 63. Kf5 b4 64. Re4 b3 65.
Kf4 b2 66. Re3+ Kd2 67. Kf3 Rf1+ 68. Ke4 b1=Q+ 69. Ke5 Qf5+ 70. Kd4 Qd7+ 71.
Ke4 Qe7+ 72. Kd4 Qxe3+ 73. Kc4 Rf4+ 74. Kb5 Qe5+ 75. Kb6 Rf6+ 76. Ka7 Qe7+ 77.
Ka8 Rf8# 0-1

[Event "Junior Online 4NCL Division 5"]
[Site "online"]
[Date "2020.04.16"]
[Round "1.78"]
[White "Harb, Laith A"]
[Black "Siddiqui, Zainab"]
[Result "1-0"]
[WhiteElo "1390"]
[BlackElo "820"]
[PlyCount "83"]
[EventDate "2020.04.16"]
[WhiteTeam "Hammersmith 2"]
[BlackTeam "Uxbridge Juniors Girls"]

1. d4 e6 2. c4 Nc6 3. Nf3 d5 4. Nc3 dxc4 5. e3 Bb4 6. Bd2 Nf6 7. Bxc4 O-O 8.
O-O Re8 9. a3 Bd6 10. Qc2 Ng4 11. h3 Bh2+ 12. Nxh2 Nxh2 13. Kxh2 Qd6+ 14. Kg1
e5 15. Rfd1 exd4 16. Nb5 Qg6 17. Bf1 Qxc2 18. Nxc7 Qg6 19. Nxe8 Bxh3 20. Nc7
Rd8 21. Kh1 Bg4 22. f3 Be6 23. Nxe6 fxe6 24. exd4 Qh5+ 25. Kg1 Nxd4 26. Be3 Nc2
27. Rxd8+ Kf7 28. Rc1 Nxe3 29. Rc7+ Kf6 30. Rf8+ Kg6 31. Bd3+ Kh6 32. Re7 Qc5
33. Rxe6+ g6 34. b4 Qc1+ 35. Kf2 Qd2+ 36. Be2 Nd1+ 37. Kf1 Ne3+ 38. Kf2 Nd1+
39. Kf1 Nc3 40. Re7 Qd6 41. Rff7 Qh2 42. Rxh7+ 1-0

[Event "Junior Online 4NCL Division 5"]
[Site "online"]
[Date "2020.04.16"]
[Round "1.81"]
[White "Brown, William"]
[Black "He, Tom Junde"]
[Result "0-1"]
[WhiteElo "917"]
[BlackElo "1397"]
[PlyCount "50"]
[EventDate "2020.04.16"]
[WhiteTeam "Robin Hoods 6"]
[BlackTeam "St Mary's Harborne"]

1. e4 e5 2. Nf3 Nc6 3. Bb5 a6 4. Bd3 Bc5 5. b3 Nf6 6. Bb2 d6 7. Bc4 Nxe4 8. Qe2
Nxf2 9. Rf1 Qe7 10. Nc3 Be6 11. Na4 Bxc4 12. Qxc4 b5 13. Qd5 Qd7 14. Nxc5 dxc5
15. Qxc5 Ne4 16. Qe3 Nf6 17. b4 Nxb4 18. Nxe5 Nxc2+ 19. Kd1 Nxe3+ 20. Ke1 Qd3
21. dxe3 Qxe3+ 22. Kd1 O-O-O+ 23. Kc2 Rd2+ 24. Kc1 Rf2+ 25. Kd1 Qd2# 0-1

[Event "Junior Online 4NCL Division 5"]
[Site "online"]
[Date "2020.04.16"]
[Round "1.82"]
[White "Howett, Ralphie"]
[Black "Bett, Joshua"]
[Result "1-0"]
[WhiteElo "1217"]
[BlackElo "902"]
[PlyCount "47"]
[EventDate "2020.04.16"]
[WhiteTeam "St Mary's Harborne"]
[BlackTeam "Robin Hoods 6"]

1. e4 e5 2. Nf3 Nc6 3. Bc4 Bc5 4. Nc3 Nf6 5. O-O O-O 6. d3 d6 7. Bg5 h6 8. Bxf6
gxf6 9. Nd5 Qd7 10. Nxf6+ Kg7 11. Nxd7 Bxd7 12. c3 Ne7 13. d4 exd4 14. Nxd4 Be6
15. Bxe6 fxe6 16. Nxe6+ Kf7 17. Nxc7 Rac8 18. Qh5+ Ng6 19. Qf5+ Kg8 20. Qxg6+
Kh8 21. Qxh6+ Kg8 22. Ne6 Rf7 23. Qg6+ Rg7 24. Qxg7# 1-0

[Event "Junior Online 4NCL Division 5"]
[Site "online"]
[Date "2020.04.16"]
[Round "1.83"]
[White "Clay, Jonathan"]
[Black "Madoc, Arthur"]
[Result "0-1"]
[WhiteElo "887"]
[BlackElo "1262"]
[PlyCount "92"]
[EventDate "2020.04.16"]
[WhiteTeam "Robin Hoods 6"]
[BlackTeam "St Mary's Harborne"]

1. e4 e5 2. Nf3 Nc6 3. Nc3 Bc5 4. Bc4 Nf6 5. d3 O-O 6. O-O h6 7. Na4 b6 8. Nxc5
bxc5 9. Be3 d6 10. Qe2 Bb7 11. Bb5 a6 12. Bxc6 Bxc6 13. Rae1 d5 14. exd5 Qxd5
15. c4 Qd6 16. d4 cxd4 17. Bd2 Bxf3 18. Qxf3 e4 19. Qf4 Qxf4 20. Bxf4 Rfe8 21.
Bxc7 Rac8 22. Ba5 Rxc4 23. b3 Rc2 24. Rc1 Rxa2 25. Ra1 Rxa1 26. Rxa1 Nd5 27.
Bd2 Ra8 28. f3 e3 29. Be1 d3 30. Rd1 Nb4 31. Bxb4 e2 32. Rxd3 Rb8 33. Be1 Re8
34. Kf2 Kh7 35. Rd2 Rb8 36. Rxe2 Rxb3 37. Re7 Kg6 38. Ra7 Ra3 39. Bb4 Ra4 40.
Bc3 Kf5 41. g4+ Kf4 42. Bd2+ Ke5 43. h4 Ra2 44. Ke1 Kd4 45. Bb4 Ke3 46. Bf8
Ra1# 0-1

[Event "Junior Online 4NCL Division 5"]
[Site "online"]
[Date "2020.04.16"]
[Round "1.84"]
[White "Mykhnenko, Marijka"]
[Black "Stoyanov, Boris"]
[Result "1-0"]
[WhiteElo "1015"]
[BlackElo "857"]
[PlyCount "81"]
[EventDate "2020.04.16"]
[WhiteTeam "St Mary's Harborne"]
[BlackTeam "Robin Hoods 6"]

1. e4 e5 2. Nf3 Nf6 3. Nxe5 Nxe4 4. Qe2 Nf6 5. Nc6+ Be7 6. Nxd8 Kxd8 7. Nc3 Nc6
8. b3 d6 9. Bb2 Bd7 10. O-O-O Bg4 11. f3 Bh5 12. g4 Bg6 13. f4 h5 14. f5 Bh7
15. Re1 Re8 16. gxh5 Bxf5 17. Rg1 Kd7 18. Rxg7 Be6 19. Rg1 Rh8 20. Rg5 Rag8 21.
Rxg8 Rxg8 22. Nb5 Kc8 23. Bxf6 Bxf6 24. Nc3 Nd4 25. Qe3 Nf5 26. Qxa7 Bd4 27.
Qa8+ Kd7 28. Qxg8 Ne7 29. Qg2 Bd5 30. Nxd5 Nc6 31. c3 Be5 32. Nb4 Ne7 33. Qxb7
d5 34. Nxd5 Nxd5 35. Qxd5+ Bd6 36. Qxf7+ Be7 37. Qxe7+ Kc6 38. Re6+ Kb7 39.
Ba6+ Ka7 40. Qxc7+ Ka8 41. Re8# 1-0

[Event "Junior Online 4NCL Division 5"]
[Site "online"]
[Date "2020.04.16"]
[Round "1.85"]
[White "He, Tom Junde"]
[Black "Brown, William"]
[Result "1-0"]
[WhiteElo "1397"]
[BlackElo "917"]
[PlyCount "25"]
[EventDate "2020.04.16"]
[WhiteTeam "St Mary's Harborne"]
[BlackTeam "Robin Hoods 6"]

1. e4 e6 2. Nf3 Nf6 3. Nc3 d5 4. exd5 exd5 5. Qe2+ Be7 6. g3 Bg4 7. h3 Be6 8.
d3 Bd7 9. Bg5 h6 10. Bxf6 gxf6 11. O-O-O Rf8 12. Nxd5 c6 13. Nxf6# 1-0

[Event "Junior Online 4NCL Division 5"]
[Site "online"]
[Date "2020.04.16"]
[Round "1.86"]
[White "Bett, Joshua"]
[Black "Howett, Ralphie"]
[Result "0-1"]
[WhiteElo "902"]
[BlackElo "1217"]
[PlyCount "44"]
[EventDate "2020.04.16"]
[WhiteTeam "Robin Hoods 6"]
[BlackTeam "St Mary's Harborne"]

1. e4 e5 2. Nf3 Nc6 3. Bb5 Nf6 4. Nc3 Bc5 5. Bc4 d6 6. Ng5 Bg4 7. f3 Bh5 8. Rf1
O-O 9. Rg1 Bxg1 10. Kf1 Bc5 11. Ke2 Nd4+ 12. Kf2 Nxc2+ 13. Ke2 Nxa1 14. Qg1
Bxg1 15. Kf1 Bxh2 16. Nb5 c6 17. Bd3 cxb5 18. f4 exf4 19. e5 dxe5 20. Bxh7+
Nxh7 21. Nxh7 Qd3+ 22. Kf2 Qe2# 0-1

[Event "Junior Online 4NCL Division 5"]
[Site "online"]
[Date "2020.04.16"]
[Round "1.87"]
[White "Madoc, Arthur"]
[Black "Clay, Jonathan"]
[Result "1-0"]
[WhiteElo "1262"]
[BlackElo "887"]
[PlyCount "75"]
[EventDate "2020.04.16"]
[WhiteTeam "St Mary's Harborne"]
[BlackTeam "Robin Hoods 6"]

1. e4 e5 2. Nf3 Nc6 3. Bc4 Nf6 4. Ng5 Rg8 5. Bxf7+ Ke7 6. Bxg8 d6 7. Bc4 Bg4 8.
f3 Bh5 9. g4 Bg6 10. h4 h6 11. Nh3 Bh7 12. Nc3 Nd4 13. Ne2 Nxf3+ 14. Kf2 Nxh4
15. Ng3 Nxg4+ 16. Ke2 d5 17. Bxd5 c6 18. Bc4 Ke8 19. d3 Bb4 20. c3 Be7 21. Ke1
Ng6 22. Bd2 Bh4 23. Qxg4 Bxg3+ 24. Qxg3 b5 25. Be6 Qd7 26. Bxd7+ Kxd7 27. Qg4+
Kd6 28. Ke2 Rf8 29. Rhf1 Rxf1 30. Rxf1 Ne7 31. Qxg7 Bg8 32. Qxh6+ Kd7 33. Rf6
Bxa2 34. Rd6+ Kc7 35. Qe6 Ng8 36. Qd7+ Kb6 37. Qxc6+ Ka5 38. Qa6# 1-0

[Event "Junior Online 4NCL Division 5"]
[Site "online"]
[Date "2020.04.16"]
[Round "1.88"]
[White "Stoyanov, Boris"]
[Black "Mykhnenko, Marijka"]
[Result "0-1"]
[WhiteElo "857"]
[BlackElo "1015"]
[PlyCount "32"]
[EventDate "2020.04.16"]
[WhiteTeam "Robin Hoods 6"]
[BlackTeam "St Mary's Harborne"]

1. e4 e5 2. Nc3 Nf6 3. Bc4 Nc6 4. Nf3 Bc5 5. d4 exd4 6. Ne2 O-O 7. O-O Nxe4 8.
b4 Bd6 9. b5 Ne5 10. Qxd4 Nxf3+ 11. gxf3 Nc5 12. Bb2 Qg5+ 13. Kh1 Ne6 14. Qc3
Qh6 15. h4 Qxh4+ 16. Kg1 Qh2# 0-1

[Event "Junior Online 4NCL Division 5"]
[Site "online"]
[Date "2020.04.16"]
[Round "1.91"]
[White "Shen, Alex"]
[Black "Wakelin, Sam"]
[Result "1-0"]
[WhiteElo "1277"]
[BlackElo "887"]
[PlyCount "31"]
[EventDate "2020.04.16"]
[WhiteTeam "Leicestershire Juniors 3"]
[BlackTeam "Leicestershire Juniors 5"]

1. e4 e5 2. Nf3 Nf6 3. Nxe5 Nxe4 4. Qe2 d6 5. Qxe4 g6 6. Nc6+ Be7 7. Nxd8 O-O
8. Qxe7 Nc6 9. Qf6 Bd7 10. d3 Nxd8 11. Bh6 Ne6 12. d4 Rae8 13. Be2 Ra8 14. d5
c6 15. dxe6 Rfe8 16. Qg7# 1-0

[Event "Junior Online 4NCL Division 5"]
[Site "online"]
[Date "2020.04.16"]
[Round "1.92"]
[White "Dahi, Varad Prakash"]
[Black "Sinha, Aarav"]
[Result "1-0"]
[WhiteElo "955"]
[BlackElo "1202"]
[PlyCount "65"]
[EventDate "2020.04.16"]
[WhiteTeam "Leicestershire Juniors 5"]
[BlackTeam "Leicestershire Juniors 3"]

1. e4 e5 2. Qh5 g6 3. Qxe5+ Be7 4. Qxh8 Nc6 5. Qxg8+ Bf8 6. Qh8 d5 7. Qc3 Bb4
8. Qh8+ Ke7 9. Qxd8+ Nxd8 10. exd5 c6 11. dxc6 Nxc6 12. c3 Bc5 13. d4 Bb6 14.
Bg5+ Ke8 15. Bb5 a6 16. Bxc6+ bxc6 17. Nf3 Bf5 18. Na3 Kf8 19. Bf4 Re8+ 20. Be3
Bd3 21. Ne5 Bb5 22. Nd7+ Kg8 23. Nf6+ Kf8 24. Nxe8 Kxe8 25. c4 Ba5+ 26. Bd2 Bb4
27. cxb5 Bxd2+ 28. Kxd2 axb5 29. Rhe1+ Kf8 30. Kd3 c5 31. dxc5 b4 32. Nb5 Kg7
33. c6 1-0

[Event "Junior Online 4NCL Division 5"]
[Site "online"]
[Date "2020.04.16"]
[Round "1.93"]
[White "Ajaykumar, Arav"]
[Black "Garg, Aarav"]
[Result "1-0"]
[WhiteElo "1135"]
[BlackElo "850"]
[PlyCount "29"]
[EventDate "2020.04.16"]
[WhiteTeam "Leicestershire Juniors 3"]
[BlackTeam "Leicestershire Juniors 5"]

1. e4 e5 2. Nf3 Nc6 3. Bb5 a6 4. Bxc6 bxc6 5. O-O Nf6 6. Nc3 Bc5 7. d4 Bd6 8.
dxe5 Bxe5 9. Nxe5 O-O 10. Bg5 Re8 11. Nf3 d5 12. Re1 dxe4 13. Nxe4 Nxe4 14.
Bxd8 Rxd8 15. Qxd8# 1-0

[Event "Junior Online 4NCL Division 5"]
[Site "online"]
[Date "2020.04.16"]
[Round "1.94"]
[White "Syed, Adeeb"]
[Black "Lv, Catherine Jia-Ai"]
[Result "0-1"]
[WhiteElo "842"]
[BlackElo "1210"]
[PlyCount "74"]
[EventDate "2020.04.16"]
[WhiteTeam "Leicestershire Juniors 5"]
[BlackTeam "Leicestershire Juniors 3"]

1. e4 e5 2. Nf3 Nc6 3. Nc3 Nf6 4. Bc4 Bc5 5. d3 O-O 6. O-O d6 7. Be3 Bxe3 8.
fxe3 Ng4 9. d4 Nxe3 10. Qe2 Nxf1 11. Kxf1 exd4 12. Nxd4 Nxd4 13. Qh5 Nxc2 14.
e5 Nxa1 15. Bd3 g6 16. Qh6 dxe5 17. Be4 Bf5 18. Bxf5 gxf5 19. Qg5+ Kh8 20. Qxf5
Qd2 21. Ne4 Qd1+ 22. Kf2 Nc2 23. Qf6+ Kg8 24. Qf5 Qe1+ 25. Kf3 Qe3+ 26. Kg4
Rad8 27. Ng5 Rd4+ 28. Kh5 Qe2+ 29. Kh6 Rd6+ 30. Ne6 Rxe6+ 31. Kg5 Qxg2+ 32. Kh5
Ne3 33. Qg5+ Qxg5+ 34. Kxg5 Rg6+ 35. Kh5 Rd8 36. h4 Rd5 37. b4 e4# 0-1

[Event "Junior Online 4NCL Division 5"]
[Site "online"]
[Date "2020.04.16"]
[Round "1.95"]
[White "Wakelin, Sam"]
[Black "Shen, Alex"]
[Result "1-0"]
[WhiteElo "887"]
[BlackElo "1277"]
[PlyCount "37"]
[EventDate "2020.04.16"]
[WhiteTeam "Leicestershire Juniors 5"]
[BlackTeam "Leicestershire Juniors 3"]

1. d4 d5 2. Nf3 Nc6 3. e3 Bf5 4. Nc3 Nf6 5. g3 Nb4 6. a3 Nxc2+ 7. Kd2 Nxa1 8.
Be2 Nb3+ 9. Qxb3 e6 10. Re1 Ne4+ 11. Nxe4 Bxe4 12. Ne5 b6 13. Bh5 g6 14. Bg4 f6
15. f3 fxe5 16. fxe4 dxe4 17. Qxe6+ Be7 18. Rf1 h5 19. Qf7# 1-0

[Event "Junior Online 4NCL Division 5"]
[Site "online"]
[Date "2020.04.16"]
[Round "1.96"]
[White "Sinha, Aarav"]
[Black "Dahi, Varad Prakash"]
[Result "1-0"]
[WhiteElo "1202"]
[BlackElo "955"]
[PlyCount "67"]
[EventDate "2020.04.16"]
[WhiteTeam "Leicestershire Juniors 3"]
[BlackTeam "Leicestershire Juniors 5"]

1. e4 e5 2. Nf3 Nf6 3. Qe2 Qe7 4. d4 exd4 5. e5 Nd5 6. Bg5 f6 7. Bxf6 gxf6 8.
exf6 Nxf6 9. Nxd4 Qxe2+ 10. Bxe2 Bb4+ 11. c3 Bc5 12. Nd2 Bxd4 13. cxd4 Nc6 14.
O-O Nb4 15. Bd1 Nbd5 16. Re1+ Ne7 17. Bb3 c6 18. Re2 d5 19. Rae1 Kf7 20. Rxe7+
Kg6 21. Bc2+ Kg5 22. Nf3+ Kh6 23. Rf7 Ne4 24. Bxe4 dxe4 25. Rxe4 Kg6 26. Ref4
b6 27. Ne5+ Kg5 28. g3 Be6 29. Rg7+ Kh6 30. Re7 Bxa2 31. Ng4+ Kg6 32. Rf6+ Kg5
33. f3 Raf8 34. Re5# 1-0

[Event "Junior Online 4NCL Division 5"]
[Site "online"]
[Date "2020.04.16"]
[Round "1.97"]
[White "Garg, Aarav"]
[Black "Ajaykumar, Arav"]
[Result "0-1"]
[WhiteElo "850"]
[BlackElo "1135"]
[PlyCount "70"]
[EventDate "2020.04.16"]
[WhiteTeam "Leicestershire Juniors 5"]
[BlackTeam "Leicestershire Juniors 3"]

1. e4 e5 2. Nf3 Nc6 3. Nc3 Nf6 4. Bc4 Bb4 5. a3 Bxc3 6. dxc3 O-O 7. O-O Nxe4 8.
Be3 d6 9. Qd5 Nf6 10. Qd1 Bg4 11. h3 Bh5 12. Qe2 Re8 13. Rfe1 e4 14. Nd4 Bxe2
15. Rxe2 Nxd4 16. cxd4 d5 17. Bb3 Re6 18. c4 Qd7 19. cxd5 Nxd5 20. Bxd5 Qxd5
21. Rc1 c6 22. f4 Rh6 23. f5 Rf6 24. Rc5 Qd7 25. Rd2 b6 26. Re5 Rxf5 27. Rxf5
Qxf5 28. Rf2 Qh5 29. b4 h6 30. a4 Re8 31. b5 cxb5 32. axb5 Re6 33. Rc2 Qd1+ 34.
Kh2 Qxc2 35. d5 Rg6 0-1

[Event "Junior Online 4NCL Division 5"]
[Site "online"]
[Date "2020.04.16"]
[Round "1.98"]
[White "Lv, Catherine Jia-Ai"]
[Black "Syed, Adeeb"]
[Result "1-0"]
[WhiteElo "1210"]
[BlackElo "842"]
[PlyCount "41"]
[EventDate "2020.04.16"]
[WhiteTeam "Leicestershire Juniors 3"]
[BlackTeam "Leicestershire Juniors 5"]

1. e4 e5 2. Nf3 Nc6 3. Bc4 Nf6 4. Ng5 Qe7 5. Bxf7+ Kd8 6. Bc4 Qe8 7. O-O Bc5 8.
Nf7+ Ke7 9. Nxh8 Qxh8 10. d3 d6 11. Nc3 Bd4 12. Nd5+ Nxd5 13. Bxd5 Nd8 14. Bg5+
Ke8 15. Qh5+ g6 16. Qf3 Bxb2 17. Rab1 Bc3 18. Rb3 Ba5 19. c3 Bd7 20. Bxd8 Rxd8
21. Qf7# 1-0

[Event "Junior Online 4NCL Division 5"]
[Site "online"]
[Date "2020.04.16"]
[Round "1.101"]
[White "Friedersdorff, Finlay"]
[Black "Wood, Philip A"]
[Result "0-1"]
[WhiteElo "887"]
[BlackElo "1427"]
[PlyCount "94"]
[EventDate "2020.04.16"]
[WhiteTeam "Leicestershire Juniors 6"]
[BlackTeam "Hull and Friends 2"]

1. e4 e5 2. Nf3 Nc6 3. Bc4 Bc5 4. O-O Nf6 5. d3 d6 6. Bg5 Be6 7. Bxe6 fxe6 8.
Nc3 h6 9. Bh4 Qe7 10. Qd2 g5 11. Bg3 O-O-O 12. Na4 Bb6 13. d4 Bxd4 14. Nxd4
Nxd4 15. Qc3 Nxe4 16. Qd3 Nxg3 17. hxg3 Nc6 18. Qa3 h5 19. b4 a6 20. b5 axb5
21. Nc3 b4 22. Qa4 bxc3 23. Rab1 h4 24. Qb3 b6 25. gxh4 Rxh4 26. g3 Rh6 27. Qa4
Kd7 28. Rb3 Qh7 29. Kg2 Rh2+ 30. Kf3 Qh5+ 31. Ke3 g4 32. Rxc3 Qg5+ 33. Ke2 Ke7
34. Qxc6 Rd7 35. Rb1 Qf5 36. Rb4 Qxf2+ 37. Kd3 Qd2+ 38. Kc4 Qd4+ 39. Kb3 Qd5+
40. Qxd5 exd5 41. Rxg4 d4 42. Rg7+ Ke6 43. Rxd7 Kxd7 44. Rf3 Rh3 45. Kc4 Kc6
46. g4 Rxf3 47. a4 Rg3 0-1

[Event "Junior Online 4NCL Division 5"]
[Site "online"]
[Date "2020.04.16"]
[Round "1.102"]
[White "Wood, Gabriel"]
[Black "Sreenivas, Rohit"]
[Result "1-0"]
[WhiteElo "1345"]
[BlackElo "850"]
[PlyCount "37"]
[EventDate "2020.04.16"]
[WhiteTeam "Hull and Friends 2"]
[BlackTeam "Leicestershire Juniors 6"]

1. e4 e5 2. Nf3 Nf6 3. Nxe5 Nxe4 4. Qe2 Nd6 5. Nc6+ Qe7 6. Nxe7 Bxe7 7. d4 c6
8. Bf4 Nb5 9. Qe3 b6 10. c4 Nc7 11. Bxc7 O-O 12. Qxe7 f6 13. Bd6 h6 14. Qxf8+
Kh7 15. Bd3+ g6 16. Qf7+ Kh8 17. Qxg6 f5 18. Bxf5 Na6 19. Be5# 1-0

[Event "Junior Online 4NCL Division 5"]
[Site "online"]
[Date "2020.04.16"]
[Round "1.103"]
[White "Kadir, Karo"]
[Black "Luckhurst, Isaac"]
[Result "0-1"]
[WhiteElo "850"]
[BlackElo "1075"]
[PlyCount "36"]
[EventDate "2020.04.16"]
[WhiteTeam "Leicestershire Juniors 6"]
[BlackTeam "Hull and Friends 2"]

1. e4 e5 2. Nf3 Nf6 3. Nc3 Bc5 4. Bc4 O-O 5. O-O Nh5 6. d3 Qh4 7. Be3 Qd8 8.
Bxc5 d6 9. Be3 g5 10. Bxg5 Qe8 11. Bb5 Qe6 12. Bc4 Qg6 13. Be7 Re8 14. Bg5 Kg7
15. g4 Nf4 16. Bxf4 exf4 17. Nd4 Bxg4 18. Qd2 Bf3# 0-1

[Event "Junior Online 4NCL Division 5"]
[Site "online"]
[Date "2020.04.16"]
[Round "1.104"]
[White "Device, Trinity"]
[Black "Harper, Lauren"]
[Result "1-0"]
[WhiteElo "932"]
[BlackElo "767"]
[PlyCount "101"]
[EventDate "2020.04.16"]
[WhiteTeam "Hull and Friends 2"]
[BlackTeam "Leicestershire Juniors 6"]

1. e4 e5 2. Nf3 Nf6 3. Bc4 d6 4. Nc3 Nc6 5. O-O Be7 6. Ng5 O-O 7. Nxf7 Bg4 8.
Nxd8+ Rf7 9. Nxf7 Bxd1 10. Rxd1 b5 11. Bxb5 Kxf7 12. Bxc6 Rb8 13. Bb5 d5 14.
exd5 Nxd5 15. Nxd5 Rxb5 16. Nc3 Rb8 17. b3 Kg8 18. Ba3 Bxa3 19. Re1 Bb2 20.
Rab1 Bxc3 21. dxc3 Re8 22. Rxe5 Rxe5 23. h3 h6 24. Rd1 Re8 25. b4 a6 26. Rd5 c6
27. Rf5 Re1+ 28. Kh2 g6 29. Rf6 Kh7 30. Rxc6 Re2 31. Rxa6 Rxc2 32. Rc6 Rxa2 33.
c4 Rb2 34. b5 Rxf2 35. Kg3 Rf1 36. Kh2 g5 37. b6 Rf8 38. b7 Rb8 39. Rb6 h5 40.
g3 Kg7 41. c5 g4 42. hxg4 hxg4 43. c6 Kf8 44. c7 Ke8 45. cxb8=Q+ Kd7 46. Rd6+
Ke7 47. Qd8+ Kf7 48. Qh8 Ke7 49. Ra6 Kd7 50. Qh7+ Kd8 51. Ra8# 1-0

[Event "Junior Online 4NCL Division 5"]
[Site "online"]
[Date "2020.04.16"]
[Round "1.105"]
[White "Wood, Philip A"]
[Black "Friedersdorff, Finlay"]
[Result "1-0"]
[WhiteElo "1427"]
[BlackElo "887"]
[PlyCount "137"]
[EventDate "2020.04.16"]
[WhiteTeam "Hull and Friends 2"]
[BlackTeam "Leicestershire Juniors 6"]

1. d4 d5 2. Nc3 Nf6 3. Bf4 e6 4. Nf3 Bb4 5. a3 Bxc3+ 6. bxc3 Nbd7 7. e3 c5 8.
Bd3 O-O 9. c4 dxc4 10. Bxc4 Ne4 11. Bd3 Nc3 12. Qd2 Nd5 13. Bd6 Re8 14. c4 Ne7
15. dxc5 b5 16. cxb5 Bb7 17. c6 Bxc6 18. Bxe7 Rxe7 19. bxc6 Nc5 20. Rd1 Nxd3+
21. Qxd3 Qxd3 22. Rxd3 Ree8 23. O-O Rad8 24. Rxd8 Rxd8 25. c7 Rc8 26. Rc1 Kf8
27. Ne5 Ke8 28. h3 Ke7 29. Nc6+ Kd7 30. Nxa7 Rxc7 31. Rxc7+ Kxc7 32. Nb5+ Kc6
33. a4 Kc5 34. Kh2 Kb4 35. Nd6 f6 36. Kg3 Kxa4 37. f4 e5 38. fxe5 fxe5 39. Nf5
g6 40. Nh4 g5 41. Nf5 h5 42. h4 gxh4+ 43. Kxh4 Kb4 44. Kxh5 Kc4 45. g4 Kd5 46.
g5 Ke6 47. Ng7+ Kf7 48. Kh6 Kg8 49. Ne6 Kf7 50. Kh7 Kxe6 51. g6 Kf5 52. g7 Ke4
53. g8=Q Kxe3 54. Qg3+ Ke4 55. Kg6 Kd5 56. Kf5 e4 57. Qe5+ Kc4 58. Qxe4+ Kc5
59. Qd3 Kc6 60. Ke6 Kc5 61. Ke5 Kc6 62. Qd4 Kb5 63. Qc3 Kb6 64. Qc4 Ka5 65. Qb3
Ka6 66. Qb4 Ka7 67. Qb5 Ka8 68. Kd6 Ka7 69. Kc7 1-0